000 00565nam a22001937a 4500
005 20251108173158.0
008 250721s2005 xx 000 0 ara d
082 1 4 _a814.009/عصف
100 1 _aعصفور، جابر
245 1 0 _aغواية التراث /
264 1 _aالصفاة :
_bوزارةالإعلام - مجلة العربي،
_c2005.
300 _a224 ص.
490 0 _aكتاب العربي
_v62
650 1 7 _aالنقد الأدبي
650 1 7 _aالمقالات
650 1 7 _aالأدب العربي
942 _2ddc
_cBK
999 _c97878
_d97878